Využitie krmív napadnutých plesňou z rodu Fusarium vo Východoslovenskom kraji

Podrobná bibliografia
Hlavný autor: Pancák, J. (Autor)
Médium: Článok
Jazyk:slovenčina
Predmet:

MARC

LEADER 00000nab a2200000 a 4500
001 vtls000183019
003 SK-MaSNL
005 20260305042117.0
008 040806c1983 xo 0 slo
015 |a SNBRA19rr/mm-uuuuu 
035 |a CL0193132 
040 |a SNKBUCL  |b slo  |c SNKBUCL  |e AACR2 
041 |a slo 
044 |a xo  |c SK 
080 |a 636.085.51/.52  |2 1981 
100 1 |a Pancák, J.  |4 aut  |9 812809 
245 1 0 |a Využitie krmív napadnutých plesňou z rodu Fusarium vo Východoslovenskom kraji  |c J. Pancák 
650 0 7 |a objemové krmivá  |2 snkbucl  |9 2822 
650 0 7 |a fuzárium  |2 snkbucl  |9 25850 
650 0 7 |a plesne  |2 snkbucl  |9 3714 
651 7 |a Východoslovenský kraj (Slovensko)  |2 snkbucl  |9 161537 
655 7 |a články zo zborníkov  |2 snkbucl  |9 166140 
773 0 |t Výživa hovädzieho dobytka 1981  |d Bratislava : Ústav veter. inform. a osvety ŠVS MPVž SSR, 1983 
850 |a Slovenská národná knižnica v Martine  |a MTA001 
852 |a SNK  |b KIS3GCP 
958 |a RK 
992 |a RZB 
999 |c 3346641  |d 3348571